01129nas a2200325 4500001001300000003000900013005001700022007000300039008003400042040005400076041000900130072000800139100002600147100001800173100001600191100001800207100002100225100001900246100001900265245012300284650001400407650002100421650001600442650002100458773009400479909004000573942001800613999001900631952015300650BR2018000337BR-BrBNA20231205131237.0ta230509b bl.|||p| |||| 00| 00por d aBR-BrBNAbporcBiblioteca Nacional de Agricultura a(En) aL701 aSilva Neto, J.A.P. da1 aMenezes, L.D.1 aGomes, G.O.1 aCunha, E.M.F.1 aAzevedo, M.S. de1 aFerreira, V.M.1 aSilva, M.V. da1 aEvaluation of antinoceptive and anti-inflammatory activities of the topical preparation of Cipura paludosa (Iridaceae) aIRIDACEAE aPLANTA MEDICINAL aMEDICAMENTO aANTIINFLAMATORIO0 tActa Amazônica (Brazil)xISSN 0044-5967 g(Jun 2014), v. 44(2) p. 263-270wBR2018000337 a202311bLúciac55dLúcia Elande 2AGRISn0cANA c253758d253758 002AGRIS4071a41918b41918cPeriódicos Agrícolash(Jun 2014), v. 44(2) p. 263-270l0r2023-11-29t01yCRePortaria Interministerial nº 164/94